| 000 | 01374nam0a2200325 4500 | ||
|---|---|---|---|
| 001 | RU\NLR\BIBL_A\022663830 | ||
| 005 | 20260302135343.0 | ||
| 010 |
_a978-5-6054453-1-9 _9100 |
||
| 021 |
_aRU _bКН-П-25-056735 _9КН-П-25-5473 |
||
| 035 | _a(NLR Aleph) 022663830 | ||
| 090 |
_a13555687 _c13555687 |
||
| 100 | _a20251112d2025 u y0rusy50 ca | ||
| 101 | 0 | _arus | |
| 102 | _aRU | ||
| 105 | _aac z 000gy | ||
| 181 | 0 |
_ai3 _baxxe |
|
| 182 | 0 | _an | |
| 200 | 1 |
_aДуши моей хрустальный колокольчик _eстихотворения _fСветлана Козлова _g[художник - Е. А. Кротова] |
|
| 203 |
_aТекст _bвизуальный _cнепосредственный |
||
| 210 |
_aСаратов _cСаратовский источник _d2025 |
||
| 215 |
_a96 с. _cил., портр., цв. портр. _d22 |
||
| 327 | 1 | _aСодерж.: циклы: Родная земля; "Никто не забыт, ничто не забыто""Слушай сердцем!"; Родным и близким | |
| 686 | 2 | _aШ6(2=Р)8-5 | |
| 700 | 1 |
_aКозлова _bС. А. _cавтор стихов _gСветлана Анатольевна _3RU\NLR\AUTH\770289507 |
|
| 702 | 1 |
_aКротова _bЕ. А. _4440 |
|
| 942 | _cBOOK | ||
| 980 | _aNB | ||